| 000 | 00859cab a2200241 4500 | ||
|---|---|---|---|
| 001 | WB2832-18 | ||
| 008 | 090401t1992 xxu||||| |||| 00| 0 eng d | ||
| 035 | _a(Sirsi) u71905 | ||
| 041 | _aeng | ||
| 245 | _aSpecialised property performs | ||
| 260 | _c1992 | ||
| 350 | _a0 | ||
| 490 |
_aEstates Gazette _v(9232) 15 August 1992, 13(1) |
||
| 520 | _aThe Investors Chronicle/Hillier Parker "Specialised Property Survey" reveals a relative buoyancy in the retail warehouse sector and both rent and yield stability in supermarkets, though rental growth for office park premises is dwindling. | ||
| 650 | _aOFFICE PARKS | ||
| 650 | _aRENTAL GROWTH | ||
| 650 | _aRETAIL WAREHOUSES | ||
| 650 | _aSPECIALISED PROPERTY | ||
| 650 | _aSUPERMARKETS | ||
| 690 | _aPROPERTY-COMMERCIAL PROPERTY-COMMERCIAL PROPERTY MARKET | ||
| 942 | _n0 | ||
| 948 | _c04/03/1997 | ||
| 999 |
_c45352 _d45352 |
||